The school effect : (Record no. 119628)
[ view plain ]
| 000 -LEADER | |
|---|---|
| fixed length control field | 02235cam a2200517 a 4500 |
| 001 - CONTROL NUMBER | |
| control field | 784017 |
| 003 - CONTROL NUMBER IDENTIFIER | |
| control field | ARRUPE |
| 005 - DATE AND TIME OF LATEST TRANSACTION | |
| control field | 20140121145337.0 |
| 008 - FIXED-LENGTH DATA ELEMENTS--GENERAL INFORMATION | |
| fixed length control field | 890802s1989 enk 000 0 eng d |
| 010 ## - LIBRARY OF CONGRESS CONTROL NUMBER | |
| LC control number | gb 88046294 |
| 015 ## - NATIONAL BIBLIOGRAPHY NUMBER | |
| National bibliography number | GB88-46294 |
| 020 ## - INTERNATIONAL STANDARD BOOK NUMBER | |
| International Standard Book Number | 0853743886 : |
| Terms of availability | £19.95 |
| 035 ## - SYSTEM CONTROL NUMBER | |
| System control number | (OCoLC)60070508 |
| 035 ## - SYSTEM CONTROL NUMBER | |
| System control number | (OCoLC)ocm60070508 |
| 035 ## - SYSTEM CONTROL NUMBER | |
| System control number | (CStRLIN)NYCG89-B70071 |
| 035 ## - SYSTEM CONTROL NUMBER | |
| System control number | (NNC)784017 |
| 040 ## - CATALOGING SOURCE | |
| Original cataloging agency | UKM |
| Transcribing agency | UKM |
| Modifying agency | OCL |
| 043 ## - GEOGRAPHIC AREA CODE | |
| Geographic area code | e-uk--- |
| 050 14 - LIBRARY OF CONGRESS CALL NUMBER | |
| Classification number | LB1131 |
| 082 04 - DEWEY DECIMAL CLASSIFICATION NUMBER | |
| Classification number | 373.12/64 |
| Edition number | 19 |
| 300 ## - PHYSICAL DESCRIPTION | |
| Dimensions | 25 cm. |
| 100 1# - MAIN ENTRY--PERSONAL NAME | |
| Personal name | Smith, David John, |
| Dates associated with a name | 1941- |
| 9 (RLIN) | 6856 |
| 245 14 - TITLE STATEMENT | |
| Title | The school effect : |
| Remainder of title | a study of multi-racial comprehensives / |
| Statement of responsibility, etc | David J. Smith and Sally Tomlinson with the assistance of Lucy Bonnerjea, Terence Hogarth and Hilary Tomes and with a statistical appendix by Nicholas Longford. |
| 260 ## - PUBLICATION, DISTRIBUTION, ETC. (IMPRINT) | |
| Place of publication, distribution, etc | London : |
| Name of publisher, distributor, etc | Policy Studies Institute, |
| Date of publication, distribution, etc | 1989. |
| 300 ## - PHYSICAL DESCRIPTION | |
| Extent | 325 p. ; |
| 490 1# - SERIES STATEMENT | |
| Series statement | PSI research report ; |
| Volume number/sequential designation | 688 |
| 504 ## - BIBLIOGRAPHY, ETC. NOTE | |
| Bibliography, etc | Bibliography: p. 322-325. |
| 650 #0 - SUBJECT ADDED ENTRY--TOPICAL TERM | |
| Topical term or geographic name as entry element | Education, Secondary |
| Geographic subdivision | Great Britain. |
| 9 (RLIN) | 6857 |
| 650 #0 - SUBJECT ADDED ENTRY--TOPICAL TERM | |
| Topical term or geographic name as entry element | Academic achievement. |
| 9 (RLIN) | 6858 |
| 650 #0 - SUBJECT ADDED ENTRY--TOPICAL TERM | |
| Topical term or geographic name as entry element | Students |
| General subdivision | Rating of |
| Geographic subdivision | Great Britain. |
| 9 (RLIN) | 6859 |
| 653 ## - INDEX TERM--UNCONTROLLED | |
| Uncontrolled term | Great Britain |
| -- | Secondary schools |
| -- | Students |
| -- | Academic achievement |
| 700 1# - ADDED ENTRY--PERSONAL NAME | |
| Personal name | Tomlinson, Sally. |
| 9 (RLIN) | 6860 |
| 710 2# - ADDED ENTRY--CORPORATE NAME | |
| Corporate name or jurisdiction name as entry element | Policy Studies Institute. |
| 9 (RLIN) | 6861 |
| 830 #0 - SERIES ADDED ENTRY--UNIFORM TITLE | |
| Uniform title | Research report (Policy Studies Institute) ; |
| Volume number/sequential designation | 688. |
| 9 (RLIN) | 6862 |
| 886 2# - FOREIGN MARC INFORMATION FIELD | |
| 2 | UK MARC |
| a | 690 |
| b | 00 |
| z | 00030 |
| a | Great Britain |
| z | 11030 |
| a | secondary schools |
| z | p1030 |
| a | students |
| z | 21030 |
| a | academic achievement |
| 886 2# - FOREIGN MARC INFORMATION FIELD | |
| 2 | UK MARC |
| a | 691 |
| b | 00 |
| a | 0035335 |
| 886 2# - FOREIGN MARC INFORMATION FIELD | |
| 2 | UK MARC |
| a | 692 |
| b | 00 |
| a | 0008370 |
| 886 2# - FOREIGN MARC INFORMATION FIELD | |
| 2 | UK MARC |
| a | 692 |
| b | 00 |
| a | 0022454 |
| 886 2# - FOREIGN MARC INFORMATION FIELD | |
| 2 | UK MARC |
| a | 692 |
| b | 00 |
| a | 0022373 |
| 886 2# - FOREIGN MARC INFORMATION FIELD | |
| 2 | UK MARC |
| a | 900 |
| b | 10 |
| a | Smith |
| h | David |
| c | 1941 Jul 10- |
| x | See |
| a | Smith, David J. (David John), |
| x | 1941- |
| z | 100 |
| 886 2# - FOREIGN MARC INFORMATION FIELD | |
| 2 | UK MARC |
| a | 900 |
| b | 10 |
| a | Smith |
| h | David John |
| c | 1941- |
| x | See |
| a | Smith, David J. (David John), |
| x | 1941- |
| z | 100 |
| 886 2# - FOREIGN MARC INFORMATION FIELD | |
| 2 | UK MARC |
| a | 910 |
| b | 20 |
| a | PSI |
| x | See |
| a | Policy Studies Institute |
| z | 710 |
| 886 2# - FOREIGN MARC INFORMATION FIELD | |
| 2 | UK MARC |
| a | 910 |
| b | 20 |
| a | Centre for Studies in Social Policy |
| x | See also |
| a | Policy Studies Institute |
| z | 710 |
| 886 2# - FOREIGN MARC INFORMATION FIELD | |
| 2 | UK MARC |
| a | 910 |
| b | 20 |
| a | Political and Economic Planning |
| x | See also |
| a | Policy Studies Institute |
| z | 710 |
| 942 ## - ADDED ENTRY ELEMENTS (KOHA) | |
| Source of classification or shelving scheme | Library of Congress Classification |
| Koha item type | Monograph ( Printed materials) |
| Withdrawn status | Lost status | Source of classification or shelving scheme | Damaged status | Not for loan | Home library | Current library | Date acquired | Total Checkouts | Full call number | Barcode | Date last seen | Price effective from | Koha item type |
|---|---|---|---|---|---|---|---|---|---|---|---|---|---|
| Library of Congress Classification | ARRUPE LIBRARY | ARRUPE LIBRARY | 21/01/2014 | LB1620.53.G7S645 | 464122805 | 28/06/2018 | 21/01/2014 | Monograph ( Printed materials) |